Etica eudemia /

Uno de las tres obras de Aristóteles sobre ética (Magna Moralia o Gran Etica; la Etica Eudemia y la Etica Nicomaquea). La Etica Eudemia está compuesta por ocho libros y en ellos se abordan el naturalismo, el eudaimonismo, el teleologismo y la doctrina de la virtud.

保存先:
書誌詳細
第一著者: Aristóteles (autor)
フォーマット: 図書
言語:スペイン語
出版事項: Madrid, España : Alhambra, 1985, c1985
シリーズ:(Clásicos del Pensamiento ; 5)
主題:
タグ: タグ追加
タグなし, このレコードへの初めてのタグを付けませんか!

MARC

LEADER 00000nam^a2200000^a^4500
001 000001262
005 20250521000000.0
009 20260310083100.507
020 |a 84-205-1141-2 
037 |a Acervo ITESO - Biblioteca 
041 |a ESP 
082 |a 185.  |b ARI 
100 |a Aristóteles  |e (autor) 
245 1 0 |a Etica eudemia /  |c Aristóteles ; ed. y material didáctico de Rafael Sartorio. 
264 4 |a Madrid, España :  |b Alhambra,  |c 1985, c1985 
300 |a 134 p. 
336 |a texto  |b txt  |2 rdacontenido 
337 |a sin mediación  |b n  |2 rdamedio 
338 |a volumen  |b nc  |2 rdasoporte 
440 1 |a (Clásicos del Pensamiento ;  |v 5) 
520 |a Uno de las tres obras de Aristóteles sobre ética (Magna Moralia o Gran Etica; la Etica Eudemia y la Etica Nicomaquea). La Etica Eudemia está compuesta por ocho libros y en ellos se abordan el naturalismo, el eudaimonismo, el teleologismo y la doctrina de la virtud. 
649 |a XX 
650 |a Etica 
650 |a Escuela Aristotélica (Liceo) 
650 |a Socráticos 
650 |a Filosofía Clásica 
910 |a Fondo General 
920 |a Impresos - Libros 
930 |a Colección General 
905 |a 101 
901 |a 0012620100  |b IT1  |c ACC  |i 001262  |u 20250521 
902 |a https://opac.biblio.iteso.mx/vufind/Record/000001262